Sociology at the University of Lucknow : (Record no. 74936)

MARC details
000 -LEADER
fixed length control field 00782nam a22002177a 4500
005 - DATE AND TIME OF LATEST TRANSACTION
control field 20130429160101.0
010 ## - LCCN (DPL NO)
LC control number ENG-106938
020 ## - INTERNATIONAL STANDARD BOOK NUMBER
International Standard Book Number 9780198080374
Terms of availability 1100.00
020 ## - INTERNATIONAL STANDARD BOOK NUMBER
International Standard Book Number 0198080379
Terms of availability 1100.00
035 ## - SYSTEM CONTROL NUMBER
System control number EN-90471
037 ## - SOURCE OF ACQUISITION
Source of stock number/acquisition DBAD/PUB
082 ## - DEWEY DECIMAL CLASSIFICATION NUMBER
Classification number 301.07209542
245 ## - TITLE STATEMENT
Title Sociology at the University of Lucknow :
Statement of responsibility, etc edited by T.N. Madan
Remainder of title the first half century (1921-1975)
260 ## - PUBLICATION, DISTRIBUTION, ETC. (IMPRINT)
Place of publication, distribution, etc New Delhi
Name of publisher, distributor, etc Oxford University Press
Date of publication, distribution, etc 2013
270 ## - ADDRESS
Address YMCA Library Building, 1 Jai Singh Road
City New Delhi
Postal code 110001
300 ## - PHYSICAL DESCRIPTION
Extent xiv,396p.
Dimensions 24cm(Hb)
490 ## - SERIES STATEMENT
Series statement Oxford in India readings in sociology and social anthropology
500 ## - GENERAL NOTE
General note Includes bibliographical references and index
700 ## - ADDED ENTRY--PERSONAL NAME
Personal name Madan, T.N.
942 ## - ADDED ENTRY ELEMENTS (KOHA)
Source of classification or shelving scheme Dewey Decimal Classification
Item type English Books
Classification part 301.07209542
Call number suffix SOC
Holdings
Withdrawn status Lost status Not for loan Collection code Home library Current library Date acquired Source of acquisition Cost, normal purchase price Full call number Barcode Copy number Cost, replacement price Koha item type
    Not For Loan Non-fiction D.B.Act.Division D.B.Act.Division 29/04/2013 DBAD/PUB 1100.00 301.07209542 SOC EN-90471 1 1100.00 English Books

© Delhi Public Library
Hit Counter
free hit counter